Reglamento de la Academia de Música de la Casa Provincial de Caridad de Barcelona
Descripción Física:
7 p. ; 27 cm
MARC
| LEADER | 00000nam a2200000Ia 4500 | ||
|---|---|---|---|
| 001 | 10040 | ||
| 008 | 160829s1894 xx 000 0 cat d | ||
| 080 | |a RF-7-26 | ||
| 110 | |a Casa de Caritat (Barcelona, Catalunya) |9 52406 | ||
| 245 | |a Reglamento de la Academia de Música de la Casa Provincial de Caridad de Barcelona | ||
| 260 | |a Barcelona : |b (Tip. Casa Caritat), |c 1894 | ||
| 300 | |a 7 p. ; |c 27 cm | ||
| 650 | |a Casa de Caritat (Barcelona). Acadèmia de Música |x Reglaments i procediment |9 37046 | ||
| 710 | |a Casa de Caritat (Barcelona, Catalunya) |9 52406 | ||
| 856 | 4 | |u https://media.diba.cat/diba/fitxers/arxiu/fulletons/bib_10040_1894_baixa.pdf |y Accés lliure | |
| 856 | 4 | |u https://media.diba.cat/diba/fitxers/arxiu/fulletons/bib_10040_1894_baixa.pdf |y Accés lliure | |
| 901 | |a Arxiu | ||
| 942 | |n 1 |2 udc | ||
| 952 | |0 0 |1 0 |4 0 |6 RF726 |7 1 |9 47618 |a Arxiu |b Arxiu |d 2016-12-01 |l 0 |o RF-7-26 |p 10040 |r 2016-12-01 00:00:00 |w 2016-12-01 |y ARXIU | ||
| 999 | |c 51417 |d 51417 | ||
| 900 | |a bib_10040_1894_baixa.pdf | ||